Cd̤igo Penal.

Bibliographic Details
Main Author: Amadeo Gadea, Sergio
Format: Book
Language:Spanish
Published: Madrid Factum Libri Ediciones 2015
Subjects:
Online Access:Acceso restringido

MARC

LEADER 00000nam a22000007a 4500
005 20151102101612.0
007 cr|||| ||u|
008 151102s2015 sp ||||| |||| 00||0|spa d
035 |a 12903 
040 |a vLex 
090 |c 5639  |d 5639 
100 1 |a Amadeo Gadea, Sergio  
245 1 0 |a Cd̤igo Penal.   |d octrina jurisprudencial 1® edicin̤  |h [Recurso electrn̤ico] /  |c Sergio Amadeo Gadea  
256 |a Servicio en ln̕ea 
260 |a Madrid  |b Factum Libri Ediciones  |c 2015 
300 |a 1 recurso electrn̤ico 
506 1 |a Contenido solo disponible en los productos indicados  |d vLex Global  |d vLex Global (Academic Edition, excluding Law Schools)  |d vLex Global (U.S. Academic Edition, Law Schools)  |d vLex Global (U.S. Academic Edition, excluding Law Schools)  |d vLex Global (Academic Edition, Law Schools) 
650 0 4 |a Derecho penal -- legislacin̤  |z Espaą 
740 0 |a vLex libros (servicio en ln̕ea)  
856 4 0 |u http://vlex.com/source/codigo-penal-doctrina-jurisprudencial-1-edicion-12903  |z Acceso restringido 
942 |c BOOK 
999 0 |a Criminal law